| 000 | 01238naa a22003377a 4500 | ||
|---|---|---|---|
| 001 | BR7907397 | ||
| 003 | BR-BrBNA | ||
| 005 | 20250716093230.0 | ||
| 007 | ta | ||
| 008 | 250630b bl.|||m| |||| 00| 0 por d | ||
| 040 |
_aBR-BrBNA _bpor _cBiblioteca Nacional de Agricultura |
||
| 041 | _a(Pt) | ||
| 072 |
_aF27; F00 _b0120 _b1410 _bG514 |
||
| 090 | _aF27 BR7907397 | ||
| 100 | 1 | _aVieira, F.Z.G. | |
| 100 | 1 | _aAraujo, F.E. de | |
| 100 | 1 | _aBezerra, R.B. | |
| 100 | 1 | _aCarlos Filho, F. | |
| 100 | 1 | _aPeixoto Filho, J.R. | |
| 245 | 1 | _aEstudo da viabilidade tecnica do consorcio milho e feijao [Zea mays, phaseolus vulgaris, pratica cultural, Ceara, Brasil] | |
| 500 | _aRelatorio anual de pesquisa 1978. Fitotecnia Fortaleza, CE (Brasil): 1979. p. 141-160 [12 tables; Summary (Pt); 6 ref.] (BR7907397-AMS) | ||
| 773 | 0 |
_tRelatorio anual de pesquisa 1978. Fitotecnia _wF27 BR7907397 _gFortaleza, CE (Brasil), 1979. p. 141-160 |
|
| 650 | _aCONSORCIACAO DE CULTURA | ||
| 650 | _aFERTILIDADE DO SOLO | ||
| 650 | _aMILHO | ||
| 650 | _aFEIJAO | ||
| 650 | _aCEARA | ||
| 490 | _aRelatorio Anual de Pesquisa - Empresa de Pesquisa Agropecuaria do Ceara (Brazil) | ||
| 942 |
_cAMS _2AGRIS |
||
| 909 |
_a202506 _bLúcia _c55 _dLúcia Elande |
||
| 999 |
_c333502 _d333502 |
||